[Event "8th Southwest Class"]
[Site "Forth Worth, TX"]
[Date "2017.02.19"]
[Round "6.4"]
[White "GM Belous, Vladimir"]
[Black "IM Nakar, Eylon"]
[Result "1-0"]
[WhiteElo "2577"]
[BlackElo "2478"]
[PlyCount "79"]
[EventDate "2017.02.??"]
[EventType "swiss"]
[EventRounds "9"]
[EventCountry "USA"]

1. c4 Nf6 2. Nf3 g6 3. Nc3 Bg7 4. e4 d6 5. d4 O-O 6. Be2 e5 7. d5 a5 8. Bg5 h6
9. Bh4 Na6 10. Nd2 Bd7 11. O-O Qe8 12. Rb1 Nh7 13. b3 h5 14. f3 Bh6 15. Kh1 Be3
16. a3 Bc5 17. Qc1 f5 18. exf5 gxf5 19. f4 exf4 20. Rxf4 Be3 21. Rf1 Qg6 22.
Qc2 Rae8 23. b4 axb4 24. axb4 Nf6 25. Bd3 Ng4 26. Nf3 Bh6 27. Nd1 Qg7 28. Be1
Qe7 29. h3 Ne5 30. Nxe5 dxe5 31. c5 e4 32. Bc4 Kh8 33. c6 Bc8 34. Ra1 Nxb4 35.
Qb1 Nd3 36. cxb7 Bd7 37. Bxd3 exd3 38. Bb4 Qg5 39. Bxf8 Re2 40. Nf2 1-0

[Event "8th Southwest Class"]
[Site "Forth Worth, TX"]
[Date "2017.02.19"]
[Round "6.5"]
[White "GM Shabalov, Alex"]
[Black "IM Rao, Prasanna"]
[Result "1/2-1/2"]
[WhiteElo "2570"]
[BlackElo "2477"]
[PlyCount "76"]
[EventDate "2017.02.??"]
[EventType "swiss"]
[EventRounds "9"]
[EventCountry "USA"]

1. d4 Nf6 2. c4 e6 3. Nf3 d5 4. Nc3 Bb4 5. Qa4+ Nc6 6. a3 Bxc3+ 7. bxc3 O-O 8.
Bg5 h6 9. Bh4 g5 10. Bg3 Ne4 11. Qc2 Nxg3 12. hxg3 Kg7 13. e3 Qf6 14. Be2 dxc4
15. Nd2 e5 16. Nxc4 Re8 17. O-O Qg6 18. Qb2 Rb8 19. Rad1 e4 20. a4 g4 21. d5
Ne5 22. Nxe5 Rxe5 23. c4 Qf6 24. c5 Bf5 25. Rd2 Ree8 26. Qa3 Red8 27. Rfd1 b6
28. d6 cxd6 29. c6 Rbc8 30. Rxd6 Rxd6 31. Rxd6 Qe5 32. Ba6 Rc7 33. Bb5 Be6 34.
Qb4 Kf6 35. Qd2 a6 36. Bxa6 Ke7 37. Rd4 Rxc6 38. Bb7 Rd6 1/2-1/2

[Event "8th Southwest Class"]
[Site "Forth Worth, TX"]
[Date "2017.02.19"]
[Round "6.6"]
[White "GM Kadric, Denis"]
[Black "IM Brown, Michael"]
[Result "1/2-1/2"]
[WhiteElo "2547"]
[BlackElo "2466"]
[PlyCount "85"]
[EventDate "2017.02.??"]
[EventType "swiss"]
[EventRounds "9"]
[EventCountry "USA"]

1. e4 e5 2. Nf3 Nc6 3. Bc4 Bc5 4. c3 Nf6 5. d3 d6 6. O-O a6 7. Bb3 Ba7 8. h3 h6
9. Be3 O-O 10. Nbd2 Re8 11. Bc2 Ne7 12. d4 Ng6 13. Re1 c6 14. Nf1 Qc7 15. Ng3
Be6 16. Qd2 Rad8 17. Nf5 d5 18. exd5 exd4 19. N3xd4 Bxf5 20. Nxf5 Rxd5 21. Bd4
Rxe1+ 22. Qxe1 Bxd4 23. Nxd4 Re5 24. Qf1 Nh4 25. f4 Rd5 26. Qf2 Ng6 27. g3 c5
28. Nf3 Qc8 29. Kg2 Ne7 30. Re1 Kf8 31. Ne5 b5 32. Re2 Nc6 33. Kh2 Qc7 34. Ng4
Nxg4+ 35. hxg4 Ne7 36. Be4 Rd6 37. Bf3 c4 38. Rd2 Qd7 39. Rxd6 Qxd6 40. Kg2 f6
41. Qe3 Kf7 42. Kf2 f5 43. a3 1/2-1/2

[Event "8th Southwest Class"]
[Site "Forth Worth, TX"]
[Date "2017.02.19"]
[Round "6.7"]
[White "IM Chandra, Akshat"]
[Black "IM Kalikshteyn, Alexander"]
[Result "1/2-1/2"]
[WhiteElo "2512"]
[BlackElo "2448"]
[PlyCount "86"]
[EventDate "2017.02.??"]
[EventType "swiss"]
[EventRounds "9"]
[EventCountry "USA"]

1. e4 c5 2. Nf3 d6 3. d4 cxd4 4. Nxd4 Nf6 5. Nc3 g6 6. Be3 Bg7 7. Be2 Nc6 8.
Qd2 O-O 9. O-O-O Nxd4 10. Bxd4 Be6 11. Kb1 Qa5 12. a3 Rfc8 13. f4 b5 14. Bxf6
Bxf6 15. Nd5 Qa4 16. Nxf6+ exf6 17. f5 gxf5 18. exf5 Bxf5 19. Bd3 Bg6 20. Rhf1
Rab8 21. Rf4 b4 22. Rxb4 Rxb4 23. Qxb4 Qc6 24. Bxg6 hxg6 25. Rd2 Re8 26. Ka2
Kg7 27. Qxd6 Qxd6 28. Rxd6 Re2 29. c4 Rxg2 30. Kb3 Rxh2 31. c5 g5 32. c6 Rh8
33. Kc3 g4 34. b4 f5 35. Rd3 f4 36. Rd4 f5 37. Rxf4 Kf6 38. Kd3 Re8 39. b5 g3
40. Rf1 Kg5 41. c7 Kf6 42. Rc1 g2 43. Rg1 Rc8 1/2-1/2

[Event "8th Southwest Class"]
[Site "Forth Worth, TX"]
[Date "2017.02.19"]
[Round "6.8"]
[White "FM Hilby, Craig"]
[Black "IM Drozdowski, Kaeper"]
[Result "1/2-1/2"]
[WhiteElo "2333"]
[BlackElo "2496"]
[PlyCount "49"]
[EventDate "2017.02.??"]
[EventType "swiss"]
[EventRounds "9"]
[EventCountry "USA"]

1. e4 Nf6 2. e5 Nd5 3. d4 d6 4. Nf3 Bg4 5. Be2 c6 6. c4 Nb6 7. Nbd2 dxe5 8.
Nxe5 Bxe2 9. Qxe2 N8d7 10. O-O e6 11. b3 Nxe5 12. dxe5 Qd4 13. Rb1 Rd8 14. Ne4
Qd3 15. Rb2 Qxe2 16. Rxe2 Be7 17. Be3 O-O 18. f4 Rd7 19. Nd6 Bxd6 20. exd6 Rdd8
21. Rd2 Nd7 22. Bxa7 b6 23. c5 b5 24. Bb6 Rb8 25. Rc1 1/2-1/2

[Event "8th Southwest Class"]
[Site "Forth Worth, TX"]
[Date "2017.02.19"]
[Round "6.10"]
[White "GM Troff, Kayden"]
[Black "Patel, Advait"]
[Result "0-1"]
[WhiteElo "2511"]
[BlackElo "2377"]
[PlyCount "58"]
[EventDate "2017.02.??"]
[EventType "swiss"]
[EventRounds "9"]
[EventCountry "USA"]

1. d4 Nf6 2. c4 g6 3. Nc3 Bg7 4. e4 d6 5. Nf3 O-O 6. Be2 e5 7. O-O Nc6 8. d5
Ne7 9. Nd2 a5 10. Rb1 Bd7 11. b3 c6 12. Bb2 Bh6 13. a3 Qb8 14. b4 Re8 15. c5
axb4 16. axb4 dxc5 17. Nc4 cxb4 18. Na4 cxd5 19. Nab6 dxc4 20. Nxd7 Nxd7 21.
Qxd7 Bf8 22. f4 c3 23. Bc1 Qa7+ 24. Kh1 Qa2 25. Bd3 b3 26. fxe5 b2 27. Bg5 c2
28. e6 cxb1=Q 29. exf7+ Qxf7 0-1

[Event "8th Southwest Class"]
[Site "Forth Worth, TX"]
[Date "2017.02.19"]
[Round "6.11"]
[White "IM Mulyar, Michael"]
[Black "GM Alejano, Carlos"]
[Result "0-1"]
[WhiteElo "2397"]
[BlackElo "2496"]
[PlyCount "92"]
[EventDate "2017.02.??"]
[EventType "swiss"]
[EventRounds "9"]
[EventCountry "USA"]

1. d4 e6 2. Nf3 Nf6 3. c4 d5 4. g3 dxc4 5. Bg2 a6 6. Ne5 Bb4+ 7. Nc3 Nd5 8. Bd2
Bxc3 9. bxc3 b5 10. O-O Bb7 11. a4 Nd7 12. Nxd7 Qxd7 13. e4 Ne7 14. Bc1 O-O 15.
Ba3 Rfb8 16. Qh5 Nc8 17. a5 Nd6 18. Rae1 Re8 19. f3 f6 20. Bh3 Qf7 21. Qc5 Bc8
22. e5 Nb7 23. Qb4 f5 24. f4 c6 25. Bg2 Qc7 26. Ra1 Bd7 27. Bc1 c5 28. dxc5 Bc6
29. Bxc6 Qxc6 30. Be3 Rad8 31. Rad1 Rxd1 32. Rxd1 Qf3 33. Re1 Rd8 34. Bd4 Qc6
35. Kf2 Kf7 36. Re2 Qh1 37. h4 Qc6 38. Re1 Rd5 39. Re2 Qc7 40. Ra2 Qd7 41. Kg2
Nd8 42. Qb2 Nc6 43. Bf2 Rd3 44. Qe2 Rxc3 45. Rd2 Rd3 46. Rxd3 cxd3 0-1

[Event "8th Southwest Class"]
[Site "Forth Worth, TX"]
[Date "2017.02.19"]
[Round "6.12"]
[White "FM Griffith, Kyron"]
[Black "Vorontsov, Paulo"]
[Result "0-1"]
[WhiteElo "2312"]
[BlackElo "2477"]
[PlyCount "76"]
[EventDate "2017.02.??"]
[EventType "swiss"]
[EventRounds "9"]
[EventCountry "USA"]

1. e4 g6 2. d4 Bg7 3. Nc3 c6 4. Bc4 d5 5. exd5 b5 6. Bb3 b4 7. Na4 cxd5 8. Ne2
Nf6 9. O-O O-O 10. Re1 Nc6 11. a3 bxa3 12. Rxa3 Ne4 13. c3 Na5 14. Bc2 Nc4 15.
Ra1 Bb7 16. f3 Ned6 17. b3 Nb6 18. Nc5 Bc6 19. Nf4 Nb5 20. Bb2 Nd7 21. Nxd7
Qxd7 22. Nd3 Qc7 23. Qd2 e6 24. Ne5 Rfd8 25. Kh1 Be8 26. Bd3 a5 27. Bf1 Nd6 28.
c4 dxc4 29. Nxc4 Nf5 30. Rxa5 Rab8 31. d5 Bxb2 32. Nxb2 Rxb3 33. Nd1 Qb6 34.
Qa2 Qb4 35. Re4 Qb7 36. Bc4 Rb1 37. Re1 Rc1 38. Qd2 Rxc4 0-1

[Event "8th Southwest Class"]
[Site "Forth Worth, TX"]
[Date "2017.02.19"]
[Round "6.13"]
[White "IM Ruiz, Joshua"]
[Black "IM Harmon-Vellotti, Luke"]
[Result "1/2-1/2"]
[WhiteElo "2338"]
[BlackElo "2454"]
[PlyCount "100"]
[EventDate "2017.02.??"]
[EventType "swiss"]
[EventRounds "9"]
[EventCountry "USA"]

1. e4 e6 2. d4 d5 3. Nc3 Bb4 4. e5 c5 5. a3 Bxc3+ 6. bxc3 Ne7 7. Qg4 Qc7 8.
Qxg7 Rg8 9. Qxh7 cxd4 10. Ne2 Nbc6 11. f4 dxc3 12. Qd3 d4 13. Nxd4 Nxd4 14.
Qxd4 Bd7 15. Rg1 Nf5 16. Qf2 Qc6 17. Bd3 Qd5 18. a4 O-O-O 19. Ra3 Kb8 20. Rxc3
Bxa4 21. Ra3 Qc6 22. Bb2 Rh8 23. g4 Nh4 24. Rg3 b6 25. h3 Bb5 26. Kd2 Qh1 27.
Ra1 Qe4 28. Re1 Qb4+ 29. Bc3 Qa3 30. Ra1 Qe7 31. Rb1 Bxd3 32. Rxd3 Rxd3+ 33.
cxd3 Qb7 34. Ke2 Qd5 35. Bd2 Kb7 36. Rc1 a5 37. Rb1 b5 38. Rb2 a4 39. Rc2 Rd8
40. Qxh4 Qxd3+ 41. Kd1 a3 42. Kc1 a2 43. Kb2 Qa3+ 44. Ka1 Rxd2 45. Rxd2 Qc1+
46. Kxa2 Qxd2+ 47. Kb3 Qd3+ 48. Kb2 Qd4+ 49. Kb3 Qc4+ 50. Kb2 Qd4+ 1/2-1/2

[Event "8th Southwest Class"]
[Site "Forth Worth, TX"]
[Date "2017.02.19"]
[Round "6.14"]
[White "WIM Yu, Jennifer"]
[Black "Sturt, Raven"]
[Result "1/2-1/2"]
[WhiteElo "2162"]
[BlackElo "2431"]
[PlyCount "104"]
[EventDate "2017.02.??"]
[EventType "swiss"]
[EventRounds "9"]
[EventCountry "USA"]

1. c4 c5 2. Nc3 Nc6 3. g3 g6 4. Bg2 Bg7 5. e3 d6 6. Nge2 Bd7 7. d4 h5 8. h3 Nh6
9. a3 Nf5 10. d5 Na5 11. b3 a6 12. Rb1 b5 13. cxb5 axb5 14. b4 Nc4 15. bxc5
dxc5 16. O-O Nfd6 17. Rb3 Qc8 18. Kh2 Na5 19. Rb1 O-O 20. e4 Nac4 21. Rb3 Nxa3
22. Rxa3 Rxa3 23. Bxa3 b4 24. Bb2 c4 25. f4 bxc3 26. Bxc3 Bxc3 27. Nxc3 Qc5 28.
Qd2 Nb5 29. Nxb5 Bxb5 30. Rc1 Ra8 31. f5 Qd6 32. fxg6 fxg6 33. Rc3 Qe5 34. h4
Rf8 35. Ra3 Kg7 36. Qb4 Rb8 37. Qc5 Kf7 38. Ra5 Qb2 39. Ra7 Qe5 40. Ra5 Qb2 41.
Qc7 Qd2 42. Ra7 Re8 43. Qb6 c3 44. Qxb5 c2 45. Qf1+ Kg8 46. Ra1 Rf8 47. Qe1 Qd4
48. Ra6 Kh7 49. Ra2 Qd1 50. Ra1 Qd4 51. Ra2 Qd1 52. Ra1 Qd4 1/2-1/2

[Event "8th Southwest Class"]
[Site "Forth Worth, TX"]
[Date "2017.02.19"]
[Round "6.16"]
[White "Lederer, Yoav"]
[Black "GM Raznikov, Dani"]
[Result "1-0"]
[WhiteElo "2317"]
[BlackElo "2514"]
[PlyCount "89"]
[EventDate "2017.02.??"]
[EventType "swiss"]
[EventRounds "9"]
[EventCountry "USA"]

1. Nf3 c5 2. c4 Nc6 3. d4 cxd4 4. Nxd4 Nf6 5. Nc3 e6 6. g3 Qb6 7. Ndb5 Ne5 8.
Bg2 a6 9. Na4 Qa5+ 10. Nbc3 Nxc4 11. O-O d5 12. b3 Nb6 13. Bd2 Bb4 14. a3 Nxa4
15. axb4 Nxc3 16. Bxc3 Qd8 17. Qd4 O-O 18. f4 Bd7 19. g4 Re8 20. g5 Nh5 21.
Rac1 Rc8 22. Qe3 Bc6 23. Bd4 Qe7 24. Bh3 Bd7 25. Bc5 Rxc5 26. Rxc5 Bc6 27. Bg4
g6 28. Bxh5 gxh5 29. Qe5 Qf8 30. Kf2 Qg7 31. Ke3 Qg6 32. Kd4 Kf8 33. Rc3 Kg8
34. h4 Kf8 35. Rfc1 Kg8 36. Re3 Rc8 37. Qf6 Qg7 38. Qxg7+ Kxg7 39. Re5 Kg6 40.
Rc2 Rc7 41. Rc1 Rc8 42. Rc3 Rc7 43. f5+ exf5 44. Rf3 Bb5 45. Rfxf5 1-0

[Event "8th Southwest Class"]
[Site "Forth Worth, TX"]
[Date "2017.02.19"]
[Round "6.17"]
[White "GM Matamoros, Carlos"]
[Black "Ghatti, Sanjay"]
[Result "1/2-1/2"]
[WhiteElo "2486"]
[BlackElo "2254"]
[PlyCount "45"]
[EventDate "2017.02.??"]
[EventType "swiss"]
[EventRounds "9"]
[EventCountry "USA"]

1. Nf3 d5 2. g3 Nf6 3. Bg2 e6 4. O-O Be7 5. d3 O-O 6. Nbd2 c5 7. e4 Nc6 8. Re1
dxe4 9. dxe4 e5 10. c3 Be6 11. Qc2 h6 12. Nf1 Qc7 13. Ne3 Rfd8 14. Bf1 Rab8 15.
Bd2 b5 16. Rad1 g6 17. Bc1 c4 18. Nh4 Bc5 19. Be2 Ne7 20. Nf3 Nc6 21. Nh4 Ne7
22. Nf3 Nc6 23. Nh4 1/2-1/2

[Event "8th Southwest Class"]
[Site "Forth Worth, TX"]
[Date "2017.02.19"]
[Round "6.18"]
[White "IM Javakhadze, Zurab"]
[Black "Zhang, Chao"]
[Result "1-0"]
[WhiteElo "2469"]
[BlackElo "2242"]
[PlyCount "107"]
[EventDate "2017.02.??"]
[EventType "swiss"]
[EventRounds "9"]
[EventCountry "USA"]

1. Nf3 Nf6 2. c4 e6 3. g3 d5 4. Bg2 d4 5. e3 c5 6. exd4 cxd4 7. O-O Nc6 8. d3
Bd6 9. Bg5 h6 10. Bxf6 Qxf6 11. Nbd2 Qe7 12. Rc1 O-O 13. Ne4 Bc7 14. c5 e5 15.
Re1 Be6 16. a3 a5 17. Nfd2 f5 18. Nd6 Bxd6 19. cxd6 Qxd6 20. Nc4 Bxc4 21. Rxc4
Rf7 22. Qa4 Rd8 23. Bxc6 bxc6 24. Qxa5 Re8 25. Qa4 Re6 26. Qc2 e4 27. dxe4 d3
28. Qa4 fxe4 29. Rcxe4 Rxe4 30. Qxe4 Qf6 31. Rf1 d2 32. Qe3 Qd6 33. Rd1 Rd7 34.
a4 Rd8 35. a5 Qb4 36. a6 Qxb2 37. a7 Ra8 38. Rxd2 Qa1+ 39. Kg2 Rxa7 40. Rd8+
Kh7 41. h4 h5 42. g4 hxg4 43. Qe4+ g6 44. Rd6 Rg7 45. h5 Qa3 46. hxg6+ Kh6 47.
Rf6 Qh3+ 48. Kg1 g3 49. Qf4+ Kh5 50. fxg3 Rd7 51. Rf5+ Kxg6 52. Rg5+ Kh6 53.
Qf6+ Kh7 54. Qg6+ 1-0

[Event "8th Southwest Class"]
[Site "Forth Worth, TX"]
[Date "2017.02.19"]
[Round "6.19"]
[White "IM Stremavicius, Titas"]
[Black "FM Gorti, Akshita"]
[Result "1-0"]
[WhiteElo "2468"]
[BlackElo "2169"]
[PlyCount "63"]
[EventDate "2017.02.??"]
[EventType "swiss"]
[EventRounds "9"]
[EventCountry "USA"]

1. c4 e5 2. Nc3 Nf6 3. Nf3 Nc6 4. e3 Be7 5. d4 exd4 6. exd4 d5 7. c5 Bg4 8. Be2
O-O 9. O-O Ne4 10. Be3 Bf6 11. h3 Bf5 12. Qa4 a6 13. Qb3 Nxc3 14. bxc3 Qd7 15.
Bf4 Rab8 16. Kh1 Be4 17. Nh2 Bd8 18. Bg4 Bf5 19. Bf3 Bd3 20. Rfe1 Bc4 21. Qd1
b6 22. cxb6 Rxb6 23. Nf1 Bh4 24. Ne3 Na5 25. Qc2 f5 26. Rab1 g6 27. Kg1 Bf6 28.
Qc1 Bxa2 29. Ra1 Nb3 30. Bxd5+ Kh8 31. Qa3 Rd8 32. Rxa2 1-0

[Event "8th Southwest Class"]
[Site "Forth Worth, TX"]
[Date "2017.02.19"]
[Round "6.20"]
[White "Hong, Andrew"]
[Black "Matta, Nicholas"]
[Result "1-0"]
[WhiteElo "2387"]
[BlackElo "2019"]
[PlyCount "79"]
[EventDate "2017.02.??"]
[EventType "swiss"]
[EventRounds "9"]
[EventCountry "USA"]

1. e4 e5 2. Nf3 Nc6 3. Bb5 a6 4. Ba4 Nf6 5. O-O Be7 6. Re1 b5 7. Bb3 d6 8. c3
O-O 9. h3 Bb7 10. d4 Re8 11. Nbd2 exd4 12. cxd4 Nd7 13. Nf1 Na5 14. Bc2 Bf6 15.
Rb1 c5 16. d5 Nc4 17. b3 Nce5 18. N3h2 Nb6 19. Ng3 g6 20. Rf1 a5 21. f4 Ned7
22. Ng4 Bg7 23. Bb2 Nf6 24. Qf3 Rf8 25. Rbd1 a4 26. Bxf6 Bxf6 27. e5 Bg7 28. f5
Qg5 29. Ne4 Qh4 30. g3 Qxh3 31. f6 Bh8 32. Rf2 axb3 33. Bxb3 c4 34. Rh2 Qxh2+
35. Kxh2 h5 36. Ng5 hxg4 37. Qxg4 Bxf6 38. exf6 Nd7 39. Qxd7 cxb3 40. Qh3 1-0

[Event "8th Southwest Class"]
[Site "Forth Worth, TX"]
[Date "2017.02.19"]
[Round "6.22"]
[White "Menon, Gopal"]
[Black "FM Rozman, Levy"]
[Result "0-1"]
[WhiteElo "2238"]
[BlackElo "2404"]
[PlyCount "70"]
[EventDate "2017.02.??"]
[EventType "swiss"]
[EventRounds "9"]
[EventCountry "USA"]

1. e4 e6 2. d4 d5 3. Nc3 Nf6 4. e5 Nfd7 5. f4 c5 6. Nf3 Nc6 7. Be3 Qb6 8. a3
cxd4 9. Nxd4 a6 10. Be2 Bc5 11. Na4 Qa5+ 12. c3 Ba7 13. b4 Qc7 14. Nb2 O-O 15.
O-O Ncxe5 16. fxe5 Qxc3 17. Qd3 Qxb2 18. Rfb1 Nxe5 19. Rxb2 Nxd3 20. Bxd3 e5
21. Nc2 Bxe3+ 22. Nxe3 e4 23. Bb1 d4 24. Nc4 f5 25. Nb6 Rb8 26. Ba2+ Kh8 27.
Bd5 Re8 28. Nxc8 Rexc8 29. Be6 Rf8 30. Rc1 d3 31. Rd2 Rbd8 32. Rdd1 g6 33. Kf2
Rfe8 34. Bc4 e3+ 35. Kf3 e2 0-1

[Event "8th Southwest Class"]
[Site "Forth Worth, TX"]
[Date "2017.02.19"]
[Round "6.23"]
[White "Studen, Damir"]
[Black "Xie, Tianming"]
[Result "1-0"]
[WhiteElo "2223"]
[BlackElo "2004"]
[PlyCount "149"]
[EventDate "2017.02.??"]
[EventType "swiss"]
[EventRounds "9"]
[EventCountry "USA"]

1. d4 Nf6 2. c4 g6 3. Nc3 Bg7 4. g3 O-O 5. Bg2 d6 6. e4 c5 7. Nge2 a6 8. O-O
Nc6 9. d5 Na5 10. b3 b5 11. e5 Ne8 12. cxb5 Bxe5 13. Bh6 Bg7 14. Bxg7 Nxg7 15.
bxa6 Bxa6 16. Re1 Ra7 17. Qd2 Qb6 18. Na4 Qc7 19. Rac1 Rb8 20. g4 Rb4 21. Qxb4
cxb4 22. Rxc7 Rxc7 23. Nd4 h5 24. h3 Kf8 25. Bf3 hxg4 26. hxg4 Ne8 27. g5 Ng7
28. Be4 Ke8 29. Kg2 Bb7 30. Kf3 Kd8 31. Rh1 e6 32. dxe6 fxe6 33. Rh8+ Ke7 34.
Rh7 Ke8 35. Nb5 Rd7 36. Nxd6+ Rxd6 37. Bxb7 Kf7 38. Be4 Nc6 39. Bxc6 Rxc6 40.
Rh4 Rc2 41. Rxb4 Rxa2 42. Rb7+ Kf8 43. Nc5 Rb2 44. b4 Nf5 45. Nxe6+ Ke8 46.
Ng7+ Nxg7 47. Rxg7 Rb3+ 48. Kg2 Rxb4 49. Rxg6 Kf7 50. Rf6+ Kg7 51. Kg3 Rb1 52.
f4 Rg1+ 53. Kf3 Rb1 54. Ra6 Rb5 55. Kg4 Rb4 56. Re6 Kf7 57. Rf6+ Kg7 58. Kh5
Ra4 59. Rg6+ Kf7 60. Rf6+ Kg7 61. f5 Ra1 62. Re6 Rh1+ 63. Kg4 Rg1+ 64. Kf4 Rf1+
65. Ke5 Re1+ 66. Kd6 Ra1 67. Re7+ Kf8 68. Rb7 Ra5 69. Ke6 Ra6+ 70. Ke5 Ra5+ 71.
Kf4 Ra4+ 72. Kg3 Kg8 73. f6 Kf8 74. g6 Ra8 75. Rh7 1-0

[Event "8th Southwest Class"]
[Site "Forth Worth, TX"]
[Date "2017.02.19"]
[Round "6.26"]
[White "Metpally, Jason"]
[Black "Sanchez, Robert"]
[Result "1/2-1/2"]
[WhiteElo "2100"]
[BlackElo "1863"]
[PlyCount "113"]
[EventDate "2017.02.??"]
[EventType "swiss"]
[EventRounds "9"]
[EventCountry "USA"]

1. d4 Nf6 2. c4 e6 3. g3 Bb4+ 4. Nc3 O-O 5. Bg2 d6 6. Bd2 Nc6 7. Nf3 Bxc3 8.
Bxc3 Ne4 9. Qc2 Nxc3 10. Qxc3 Qe7 11. O-O e5 12. e3 Bg4 13. d5 Nb8 14. e4 c6
15. b4 cxd5 16. cxd5 Na6 17. a3 Rfc8 18. Qe3 Nc7 19. a4 Na6 20. Qb3 Qc7 21. b5
Nc5 22. Qe3 Bxf3 23. Bxf3 a6 24. Bg4 Re8 25. Be2 axb5 26. axb5 Ra5 27. Qc3 Rea8
28. f3 h6 29. Qb2 Qb6 30. Kh1 Ra4 31. Bc4 Qa5 32. Rxa4 Qxa4 33. Rc1 Qa3 34. Qc3
Kf8 35. Kg2 Qxc3 36. Rxc3 Ke7 37. Kf2 Rc8 38. Ke2 Na4 39. Rc2 Nb6 40. Kd3 Rc5
41. Ba2 Rxc2 42. Kxc2 f5 43. Kd3 fxe4+ 44. fxe4 Kf6 45. Bb3 Kg5 46. Bd1 Nd7 47.
Ke3 Nc5 48. Bf3 b6 49. Bd1 Nd7 50. Kf3 Nf6 51. h4+ Kg6 52. g4 Nd7 53. Ke3 Kf6
54. Kf3 Nf8 55. Kg3 Ng6 56. Be2 Nf4 57. Bc4 1/2-1/2

[Event "8th Southwest Class"]
[Site "Forth Worth, TX"]
[Date "2017.02.19"]
[Round "6.27"]
[White "Obili, Abhishek"]
[Black "Vaidya, Atulya"]
[Result "1-0"]
[WhiteElo "1986"]
[BlackElo "2087"]
[PlyCount "104"]
[EventDate "2017.02.??"]
[EventType "swiss"]
[EventRounds "9"]
[EventCountry "USA"]

1. e4 d6 2. d4 g6 3. Nc3 Bg7 4. f4 Nf6 5. Nf3 O-O 6. Be2 c5 7. d5 b5 8. e5 dxe5
9. fxe5 Ng4 10. Bf4 Nd7 11. O-O Ngxe5 12. Nxb5 Bb7 13. d6 exd6 14. Qxd6 Qb6 15.
Nxe5 Nxe5 16. Bxe5 Bxe5 17. Qxb6 axb6 18. Bc4 Kg7 19. Rae1 Rae8 20. Nd6 Bxd6
21. Rxe8 Rxe8 22. Rxf7+ Kh6 23. Rxb7 Re1+ 24. Kf2 Rc1 25. Bg8 Rxc2+ 26. Kf3 g5
27. Bd5 g4+ 28. Kxg4 Rf2 29. Rxb6 Rf4+ 30. Kh3 Rf6 31. g3 Kg5 32. Rb7 h5 33.
Be4 Rf2 34. Rb6 Rd2 35. Rb3 Be5 36. Rf3 Bxb2 37. Rf5+ Kh6 38. Rxc5 Bd4 39. Rd5
Be3 40. Rxd2 Bxd2 41. Kg2 h4 42. g4 Kg5 43. Kf3 Kf6 44. h3 Ke5 45. a4 Kf6 46.
Bc6 Ke5 47. Ke2 Ba5 48. Kd3 Ke6 49. Be8 Kd5 50. Bf7+ Kd6 51. g5 Ke5 52. g6 Kf6
1-0

[Event "8th Southwest Class"]
[Site "Forth Worth, TX"]
[Date "2017.02.19"]
[Round "6.30"]
[White "Hung, Daniel"]
[Black "FM Guo, Arthur"]
[Result "1-0"]
[WhiteElo "1924"]
[BlackElo "2126"]
[PlyCount "121"]
[EventDate "2017.02.??"]
[EventType "swiss"]
[EventRounds "9"]
[EventCountry "USA"]

1. e4 c5 2. Nc3 d6 3. f4 Nc6 4. Nf3 g6 5. Bc4 Bg7 6. d3 e6 7. O-O Nge7 8. Qe1
h6 9. Qh4 a6 10. Bb3 Na5 11. Kh1 b5 12. Ne2 Bd7 13. c3 Nxb3 14. axb3 Nc6 15.
Qg3 O-O 16. Be3 Na5 17. Nd2 Kh7 18. d4 Nb7 19. Qf2 cxd4 20. Bxd4 e5 21. Bb6 Qf6
22. f5 gxf5 23. exf5 d5 24. Be3 Rg8 25. Ng3 Bf8 26. Nh5 Qe7 27. Rae1 Nd6 28. f6
Qe6 29. Bd4 Qg4 30. Rxe5 Nf5 31. Rxf5 Bxf5 32. Qxf5+ Qxf5 33. Rxf5 Re8 34. g3
Rg5 35. Rxg5 hxg5 36. Nf3 Kh6 37. Ng7 Re4 38. Nf5+ Kh5 39. Ne3 a5 40. Kg1 a4
41. bxa4 bxa4 42. Kf2 Bd6 43. Nxd5 Re8 44. Nb6 g4 45. Nh4 a3 46. bxa3 Bxa3 47.
Nc4 Bc1 48. Ne5 Rf8 49. Ng2 Bg5 50. Nf4+ Bxf4 51. gxf4 Kh4 52. Kg2 Kh5 53. Kg3
Re8 54. Nxf7 Kg6 55. Nd6 Rh8 56. f7 Rf8 57. Kxg4 Kh6 58. Kf5 Kh7 59. Ke6 Kg6
60. f5+ Kh7 61. Ke7 1-0

[Event "8th Southwest Class"]
[Site "Forth Worth, TX"]
[Date "2017.02.19"]
[Round "6.32"]
[White "FM Greanias, Steven"]
[Black "Dejmek, Mark"]
[Result "1/2-1/2"]
[WhiteElo "2077"]
[BlackElo "2021"]
[PlyCount "82"]
[EventDate "2017.02.??"]
[EventType "swiss"]
[EventRounds "9"]
[EventCountry "USA"]

1. c4 Nf6 2. Nf3 c5 3. d4 cxd4 4. Nxd4 e5 5. Nb5 d5 6. cxd5 Bc5 7. N5c3 O-O 8.
h3 Bf5 9. e3 Re8 10. a3 Bg6 11. b4 Bf8 12. Bb2 Nbd7 13. Nd2 e4 14. Nc4 Nb6 15.
Qb3 Nxc4 16. Bxc4 Nd7 17. Ne2 Bd6 18. Bb5 a6 19. Bxd7 Qxd7 20. Nd4 Rac8 21. Ke2
Bh5+ 22. g4 Bg6 23. Rac1 Be5 24. Rxc8 Rxc8 25. Rg1 f6 26. Rd1 h5 27. Ne6 Bxb2
28. Qxb2 hxg4 29. hxg4 Bf7 30. Qb3 Qb5+ 31. Ke1 a5 32. Nf4 Qd7 33. Ne6 axb4 34.
axb4 Qb5 35. Rd4 Rc1+ 36. Rd1 Rxd1+ 37. Qxd1 Qxb4+ 38. Qd2 Qb1+ 39. Ke2 Qb5+
40. Ke1 Qb1+ 41. Ke2 Qb5+ 1/2-1/2

[Event "8th Southwest Class"]
[Site "Forth Worth, TX"]
[Date "2017.02.19"]
[Round "6.33"]
[White "Toolin, Christopher"]
[Black "Mishra, Prateek"]
[Result "1/2-1/2"]
[WhiteElo "2209"]
[BlackElo "1923"]
[PlyCount "138"]
[EventDate "2017.02.??"]
[EventType "swiss"]
[EventRounds "9"]
[EventCountry "USA"]

1. d4 Nf6 2. c4 g6 3. f3 Bg7 4. e4 d6 5. Ne2 O-O 6. Be3 c5 7. d5 e6 8. Qd2 exd5
9. cxd5 Nbd7 10. Nbc3 Ne5 11. Ng3 h5 12. Be2 h4 13. Nf1 a6 14. Bg5 h3 15. g4
Qe8 16. Ng3 Nh7 17. Bh6 b5 18. O-O c4 19. Kh1 f6 20. Rg1 Ra7 21. Be3 Re7 22.
Raf1 Kh8 23. Bd4 Ref7 24. f4 Nxg4 25. f5 gxf5 26. Nxf5 Bxf5 27. Rxf5 Nh6 28.
Rf4 f5 29. Bh5 Bxd4 30. Bxf7 Qe5 31. Bg6 Bxg1 32. Rh4 fxe4 33. Rxh3 e3 34. Qe1
Bf2 35. Qf1 e2 36. Qxe2 Qxe2 37. Nxe2 Kg7 38. Bc2 Nf6 39. Nf4 Rh8 40. Ne6+ Kf7
41. Kg2 Bb6 42. Nf4 Rg8+ 43. Kf3 Nhg4 44. Bf5 Ne5+ 45. Ke2 Rg5 46. Be6+ Ke7 47.
Rh6 Neg4 48. Ng6+ Kd8 49. Rh8+ Kc7 50. Ne7 Re5+ 51. Kf3 Re3+ 52. Kf4 Re4+ 53.
Kf5 Re5+ 54. Kg6 Bd4 55. Rc8+ Kb6 56. Rc6+ Ka5 57. Rxd6 Re4 58. Nc6+ Ka4 59.
Nxd4 Rxd4 60. h3 a5 61. hxg4 Nxg4 62. Rb6 Ne5+ 63. Kf5 Nd3 64. b3+ cxb3 65.
axb3+ Kxb3 66. Rxb5+ Kc4 67. Rxa5 Rf4+ 68. Kg5 Re4 69. d6+ Rxe6 1/2-1/2

[Event "8th Southwest Class"]
[Site "Forth Worth, TX"]
[Date "2017.02.19"]
[Round "6.35"]
[White "Hu, Yi"]
[Black "Premkumar, Hiren"]
[Result "1/2-1/2"]
[WhiteElo "2152"]
[BlackElo "1857"]
[PlyCount "141"]
[EventDate "2017.02.??"]
[EventType "swiss"]
[EventRounds "9"]
[EventCountry "USA"]

1. e4 e6 2. d4 d5 3. Nd2 Be7 4. e5 c5 5. c3 Nc6 6. Ngf3 Bd7 7. Nb3 c4 8. Nbd2
f6 9. exf6 Nxf6 10. Be2 O-O 11. O-O Bd6 12. Re1 b5 13. b3 Qc7 14. g3 Rae8 15.
a4 a6 16. axb5 axb5 17. bxc4 bxc4 18. Ba3 Bxa3 19. Rxa3 e5 20. dxe5 Nxe5 21.
Nxe5 Rxe5 22. Bf3 Rfe8 23. Rxe5 Qxe5 24. h4 Bf5 25. Nf1 Bd3 26. Kg2 Ne4 27. Qa1
Bxf1+ 28. Qxf1 Nxc3 29. Rxc3 Qxc3 30. Bxd5+ Kh8 31. Qxc4 Qe1 32. Bf3 Qe5 33.
Qd5 Qe7 34. Qb7 Qe1 35. Qf7 Rd8 36. Qf5 Qe7 37. Be4 g6 38. Qf3 Qe5 39. Qg4 Kg7
40. Bf3 Rd4 41. Qc8 Qd6 42. Qc6 Qxc6 43. Bxc6 Kf6 44. Kf3 Ke5 45. Ke3 Rb4 46.
f3 Rb3+ 47. Kf2 Kd4 48. g4 Rb2+ 49. Kg3 Ke3 50. Be4 Rb5 51. Bc6 Rc5 52. Be4 Rc7
53. Kg2 Kf4 54. Bd5 Rc2+ 55. Kh3 Rf2 56. Be4 Rxf3+ 57. Bxf3 Kxf3 58. g5 Kf4 59.
h5 gxh5 60. Kh4 Kf5 61. Kh3 Kxg5 62. Kg2 h4 63. Kh3 Kh5 64. Kh2 Kg4 65. Kg2 h6
66. Kh2 h5 67. Kg2 h3+ 68. Kh2 Kh4 69. Kh1 Kg3 70. Kg1 h2+ 71. Kh1 1/2-1/2